Music Quiz

Random Music Quiz
Score 0/7 Timer 08:00
0 Plays Today
Answer % Correct
Down Under
100%
Who Can It Be Now?
95.7%
Overkill
91.3%
It's A Mistake
65.2%
Be Good Johnny
65.2%
Down by the Sea
26.1%
I Can See It In Your Eyes
13%
Remove Ads.
Support Sporcle.
Get the best of Sporcle when you Go Orange. This ad-free experience offers more features, more stats, and more fun while also helping to support Sporcle. Thank you for becoming a member.

You're not logged in!

Compare scores with friends on all Sporcle quizzes.
OR
Log In

Show Comments

Extras

Created Dec 19, 2018ReportNominate
Tags:hit, men

Top Quizzes Today


Score Distribution

Your Account Isn't Verified!

In order to create a playlist on Sporcle, you need to verify the email address you used during registration. Go to your Sporcle Settings to finish the process.

Report this User

Report this user for behavior that violates our Community Guidelines.

Details: